Airport planning and design (Record no. 3060)
[ view plain ]
| 000 -LEADER | |
|---|---|
| fixed length control field | 00406nam a2200169Ia 4500 |
| 008 - FIXED-LENGTH DATA ELEMENTS--GENERAL INFORMATION | |
| fixed length control field | 230711s9999||||xx |||||||||||||| ||und|| |
| 020 ## - INTERNATIONAL STANDARD BOOK NUMBER | |
| International Standard Book Number | 81-85240-68-X |
| 041 ## - LANGUAGE CODE | |
| Language code of text/sound track or separate title | ENG |
| 082 ## - DEWEY DECIMAL CLASSIFICATION NUMBER | |
| Classification number | 624 |
| Item number | KH-A |
| 100 ## - MAIN ENTRY--PERSONAL NAME | |
| Personal name | Khanna,S.K |
| 245 #0 - TITLE STATEMENT | |
| Title | Airport planning and design |
| 250 ## - EDITION STATEMENT | |
| Edition statement | 1st Ed. |
| 260 ## - PUBLICATION, DISTRIBUTION, ETC. | |
| Date of publication, distribution, etc. | 2009 |
| Place of publication, distribution, etc. | New Delhi |
| Name of publisher, distributor, etc. | Nem Chand & Bros |
| 650 ## - SUBJECT ADDED ENTRY--TOPICAL TERM | |
| Topical term or geographic name entry element | Civil Engineering |
| 700 ## - ADDED ENTRY--PERSONAL NAME | |
| Personal name | Arora,M.G |
| 942 ## - ADDED ENTRY ELEMENTS (KOHA) | |
| Koha item type | Book |
| Withdrawn status | Lost status | Damaged status | Not for loan | Collection | Home library | Current library | Date acquired | Total checkouts | Full call number | Barcode | Date last seen | Price effective from | Koha item type | Cost, normal purchase price | Inventory number | Date last checked out | Date due |
|---|---|---|---|---|---|---|---|---|---|---|---|---|---|---|---|---|---|
| MRSPTU Central Library | MRSPTU Central Library | 624 KH-A | 11258 | 08/17/2023 | 08/17/2023 | Book | |||||||||||
| MRSPTU Central Library | MRSPTU Central Library | 624 KH-A | 11259 | 08/17/2023 | 08/17/2023 | Book | |||||||||||
| MRSPTU Central Library | MRSPTU Central Library | 624 KH-A | 11260 | 08/17/2023 | 08/17/2023 | Book | |||||||||||
| MRSPTU Central Library | MRSPTU Central Library | 624 KH-A | 11261 | 08/17/2023 | 08/17/2023 | Book | |||||||||||
| MRSPTU Central Library | MRSPTU Central Library | 624 KH-A | 11262 | 08/17/2023 | 08/17/2023 | Book | |||||||||||
| MRSPTU Central Library | MRSPTU Central Library | 624 KH-A | 11263 | 08/17/2023 | 08/17/2023 | Book | |||||||||||
| MRSPTU Central Library | MRSPTU Central Library | 624 KH-A | 11264 | 08/17/2023 | 08/17/2023 | Book | |||||||||||
| MRSPTU Central Library | MRSPTU Central Library | 624 KH-A | 11265 | 08/17/2023 | 08/17/2023 | Book | |||||||||||
| MRSPTU Central Library | MRSPTU Central Library | 624 KH-A | 11266 | 08/17/2023 | 08/17/2023 | Book | |||||||||||
| MRSPTU Central Library | MRSPTU Central Library | 624 KH-A | 11267 | 08/17/2023 | 08/17/2023 | Book | |||||||||||
| MRSPTU Central Library | MRSPTU Central Library | 629.136 KH-A | 33775 | 08/17/2023 | 08/17/2023 | Book | 150.00 | KBD/2016-2017/960342808 | |||||||||
| MRSPTU Central Library | MRSPTU Central Library | 629.136 KH-A | 33776 | 08/17/2023 | 08/17/2023 | Book | 150.00 | KBD/2016-2017/960342808 | |||||||||
| MRSPTU Central Library | MRSPTU Central Library | 629.136 KH-A | 33777 | 08/17/2023 | 08/17/2023 | Book | 150.00 | KBD/2016-2017/960342808 | |||||||||
| MRSPTU Central Library | MRSPTU Central Library | 3 | 629.136 KH-A | 33778 | 12/17/2024 | 08/17/2023 | Book | 150.00 | KBD/2016-2017/960342808 | 11/12/2024 | |||||||
| MRSPTU Central Library | MRSPTU Central Library | 629.136 KH-A | 33779 | 08/17/2023 | 08/17/2023 | Book | 150.00 | KBD/2016-2017/960342808 | |||||||||
| MRSPTU Central Library | MRSPTU Central Library | 1 | 629.136 KH-A | 33780 | 11/25/2024 | 08/17/2023 | Book | 150.00 | KBD/2016-2017/960342808 | 10/10/2024 | |||||||
| MRSPTU Central Library | MRSPTU Central Library | 629.136 KH-A | 33781 | 08/17/2023 | 08/17/2023 | Book | 150.00 | KBD/2016-2017/960342808 | |||||||||
| MRSPTU Central Library | MRSPTU Central Library | 3 | 629.136 KH-A | 33782 | 08/05/2025 | 08/17/2023 | Book | 150.00 | KBD/2016-2017/960342808 | 08/04/2025 | |||||||
| MRSPTU Central Library | MRSPTU Central Library | 1 | 629.136 KH-A | 33783 | 12/11/2025 | 08/17/2023 | Book | 150.00 | KBD/2016-2017/960342808 | 11/08/2025 | |||||||
| MRSPTU Central Library | MRSPTU Central Library | 2 | 629.136 KH-A | 33784 | 12/16/2025 | 08/17/2023 | Book | 150.00 | KBD/2016-2017/960342808 | 11/28/2025 | |||||||
| MRSPTU Central Library | MRSPTU Central Library | 5 | 629.136 KH-A | 33785 | 12/11/2025 | 08/17/2023 | Book | 150.00 | KBD/2016-2017/960342808 | 12/01/2025 | |||||||
| MRSPTU Central Library | MRSPTU Central Library | 7 | 629.136 KH-A | 33786 | 12/08/2025 | 08/17/2023 | Book | 150.00 | KBD/2016-2017/960342808 | 11/28/2025 | |||||||
| MRSPTU Central Library | MRSPTU Central Library | 3 | 629.136 KH-A | 33787 | 12/10/2025 | 08/17/2023 | Book | 150.00 | KBD/2016-2017/960342808 | 11/08/2025 | |||||||
| MRSPTU Central Library | MRSPTU Central Library | 4 | 629.136 KH-A | 33788 | 12/08/2025 | 08/17/2023 | Book | 150.00 | KBD/2016-2017/960342808 | 11/27/2025 | |||||||
| MRSPTU Central Library | MRSPTU Central Library | 629.136 KH-A | 33789 | 08/17/2023 | 08/17/2023 | Book | 150.00 | KBD/2016-2017/960342808 | |||||||||
| MRSPTU Central Library | MRSPTU Central Library | 629.136 KH-A | 33790 | 08/17/2023 | 08/17/2023 | Book | 150.00 | KBD/2016-2017/960342808 | |||||||||
| MRSPTU Central Library | MRSPTU Central Library | 629.136 KH-A | 33791 | 08/17/2023 | 08/17/2023 | Book | 150.00 | KBD/2016-2017/960342808 | |||||||||
| MRSPTU Central Library | MRSPTU Central Library | 629.136 KH-A | 33792 | 08/17/2023 | 08/17/2023 | Book | 150.00 | KBD/2016-2017/960342808 | |||||||||
| MRSPTU Central Library | MRSPTU Central Library | 6 | 629.136 KH-A | 33793 | 12/31/2024 | 08/17/2023 | Book | 150.00 | KBD/2016-2017/960342808 | 11/25/2024 | |||||||
| MRSPTU Central Library | MRSPTU Central Library | 4 | 629.136 KH-A | 33794 | 12/10/2025 | 08/17/2023 | Book | 150.00 | KBD/2016-2017/960342808 | 11/08/2025 | |||||||
| MRSPTU Central Library | MRSPTU Central Library | 629.136 KH-A | 33795 | 08/17/2023 | 08/17/2023 | Book | 150.00 | KBD/2016-2017/960342808 | |||||||||
| MRSPTU Central Library | MRSPTU Central Library | 4 | 629.136 KH-A | 33796 | 12/11/2025 | 08/17/2023 | Book | 150.00 | KBD/2016-2017/960342808 | 12/01/2025 | |||||||
| MRSPTU Central Library | MRSPTU Central Library | 5 | 629.136 KH-A | 33797 | 09/12/2025 | 08/17/2023 | Book | 150.00 | KBD/2016-2017/960342808 | 09/11/2025 | |||||||
| MRSPTU Central Library | MRSPTU Central Library | 1 | 629.136 KH-A | 33798 | 12/12/2023 | 08/17/2023 | Book | 150.00 | KBD/2016-2017/960342808 | 12/12/2023 | 12/29/2023 | ||||||
| MRSPTU Central Library | MRSPTU Central Library | 629.136 KH-A | 33799 | 08/17/2023 | 08/17/2023 | Book | 150.00 | KBD/2016-2017/960342808 | |||||||||
| MRSPTU Central Library | MRSPTU Central Library | 1 | 629.136 KH-A | 33800 | 12/15/2023 | 08/17/2023 | Book | 150.00 | KBD/2016-2017/960342808 | 11/07/2023 | |||||||
| MRSPTU Central Library | MRSPTU Central Library | 1 | 629.136 KH-A | 33801 | 12/08/2025 | 08/17/2023 | Book | 150.00 | KBD/2016-2017/960342808 | 11/07/2025 | |||||||
| MRSPTU Central Library | MRSPTU Central Library | 629.136 KH-A | 33802 | 08/17/2023 | 08/17/2023 | Book | 150.00 | KBD/2016-2017/960342808 | |||||||||
| MRSPTU Central Library | MRSPTU Central Library | 1 | 629.136 KH-A | 33803 | 02/05/2024 | 08/17/2023 | Book | 150.00 | KBD/2016-2017/960342808 | 11/08/2023 | |||||||
| MRSPTU Central Library | MRSPTU Central Library | 629.136 KH-A | 33804 | 08/17/2023 | 08/17/2023 | Book | 150.00 | KBD/2016-2017/960342808 |
